000 00703nam a22001817a 4500
003 NUST
040 _a0
082 _a621.382,ABB
100 _aAbbasi, Daim Ali
_9118302
245 _a5G Microwave Filter /
_cGC Daim Ali Abbasi, GC Hanzala Babar, GC Shabir Hassan. (TCC-31 / BETE-56)
264 _aRawalpindi
_bMCS, NUST
_c2023
300 _a45 p.;
505 _aIntroduction (Page-1), Literature Review (Page-40, Filter Design and Simulation (Page-17), Results and Analysis (Page-220, Future Work and Conclusion (Page-26), References (Page-27).
650 _aUG EE Project
_9118090
690 _aTCC-31 / BETE-56
_9118237
700 _aSupervised by Dr Maryam Rasool
_9132580
942 _2ddc
_cPR
999 _c603276
_d603276